[Event "AUTO-OPEN-1089"]
[Site "http://www.queenalice.com/game.php?id=443264"]
[Date "2008.8.3"]
[Round "2"]
[White "jhetro"]
[Black "Blackangel"]
[Result "0-1"]
[WhiteElo "2089"]
[BlackElo "1721"]

1. e4 d5 2. exd5 Qxd5 3. Nc3 Qa5 4. Bc4 Nf6 5. Nf3 Bg4 6. O-O Nc6 7. h3 Bh5 8.
Bb5 O-O-O 9. Bxc6 bxc6 10. g4 Bg6 11. d3 e6 12. Bd2 Bb4 13. a3 Bxc3 14. Bxc3 Qb5
15. a4 Qc5 16. a5 h5 17. Bxf6 gxf6 18. Qd2 hxg4 19. hxg4 Be4 20. Qf4 Qd5 21.
dxe4 Qc4 22. Rfe1 Rdg8 23. g5 Qxc2 24. Qxf6 Rh7 25. Rac1 Qa4 26. Ne5 Rgh8 27.
Nxf7 Rh1+ 28. Kg2 R1h2+ 29. Kg3 R8h3+ 30. Kg4 Rh4+ 0-1

[Event "AUTO-OPEN-1089"]
[Site "http://www.queenalice.com/game.php?id=443265"]
[Date "2008.8.3"]
[Round "2"]
[White "Blackangel"]
[Black "jhetro"]
[Result "0-1"]
[WhiteElo "1955"]
[BlackElo "2086"]

1. e4 e5 2. f4 exf4 3. Bc4 Nc6 4. d4 Qh4+ 5. Kf1 d6 6. Nf3 Qg4 7. c3 Nf6 8. Nbd2
Be7 9. Qb3 O-O 10. Bd3 Rb8 11. Qc2 Kh8 12. d5 Ne5 13. Nd4 Nxd3 14. Nb5 Nxe4 15.
Nxe4 f3 0-1

[Event "AUTO-OPEN-1158"]
[Site "http://www.queenalice.com/game.php?id=454217"]
[Date "2008.8.27"]
[Round "2"]
[White "dante72"]
[Black "jhetro"]
[Result "1-0"]
[WhiteElo "1789"]
[BlackElo "1883"]

1. d4 g6 2. Nf3 Nf6 3. Nc3 d5 4. Bg5 Ne4 5. Nxe4 dxe4 6. Nh4 h6 7. Be3 g5 8. c4
gxh4 9. d5 e5 10. Bd2 Bc5 11. e3 Bf5 12. Qh5 Qg5 13. Qxg5 hxg5 14. O-O-O Nd7 15.
h3 O-O-O 16. a4 Nb6 17. b3 1-0

[Event "AUTO-OPEN-1158"]
[Site "http://www.queenalice.com/game.php?id=454218"]
[Date "2008.8.27"]
[Round "2"]
[White "jhetro"]
[Black "dante72"]
[Result "0-1"]
[WhiteElo "1904"]
[BlackElo "1768"]

1. e3 e5 2. d4 exd4 3. exd4 d5 4. Nf3 Bg4 5. Bb5+ c6 6. Be2 Nd7 7. O-O Be7 8. c3
Ngf6 9. Ne5 Bxe2 10. Qxe2 O-O 11. Bf4 Nxe5 12. dxe5 Ne4 13. Nd2 Nxd2 14. Bxd2
Bg5 15. e6 Bxd2 16. Qxd2 fxe6 17. Rae1 Qf6 0-1

[Event "AUTO-MASTER-477"]
[Site "http://www.queenalice.com/game.php?id=469334"]
[Date "2008.9.27"]
[Round "2"]
[White "Gil"]
[Black "jhetro"]
[Result "1-0"]
[WhiteElo "2261"]
[BlackElo "2019"]

1. d4 g6 2. Nf3 Nf6 3. e3 Bg7 4. Be2 O-O 5. O-O d5 6. c4 dxc4 7. Bxc4 Bg4 8. h3
Bxf3 9. Qxf3 Nc6 10. Nc3 Qd6 11. Nb5 Qd7 12. Bd2 e5 13. d5 1-0

[Event "AUTO-MASTER-477"]
[Site "http://www.queenalice.com/game.php?id=469335"]
[Date "2008.9.27"]
[Round "2"]
[White "jhetro"]
[Black "Gil"]
[Result "0-1"]
[WhiteElo "2013"]
[BlackElo "2266"]

1. e4 g6 2. d4 Bg7 3. Nc3 d6 4. Be2 Nf6 5. Nf3 O-O 6. O-O Bg4 7. Bg5 Bxf3 8.
Bxf3 Nc6 9. e5 dxe5 10. Bxc6 bxc6 11. dxe5 Nd5 12. Qd4 f6 0-1

[Event "AUTO-ADV-809"]
[Site "http://www.queenalice.com/game.php?id=477091"]
[Date "2008.10.14"]
[Round "2"]
[White "jhetro"]
[Black "mariolusena"]
[Result "0-1"]
[WhiteElo "2005"]
[BlackElo "2378"]

1. c4 e5 2. Nc3 Bc5 3. Nf3 Bb4 4. Nxe5 Nf6 5. Nd5 Nxd5 6. cxd5 Qg5 7. Nd3 Bd6 8.
e4 O-O 9. g3 Re8 10. Qe2 c6 0-1

[Event "AUTO-ADV-809"]
[Site "http://www.queenalice.com/game.php?id=477092"]
[Date "2008.10.14"]
[Round "2"]
[White "mariolusena"]
[Black "jhetro"]
[Result "1-0"]
[WhiteElo "2377"]
[BlackElo "2007"]

1. d4 g6 2. c4 Bg7 3. Nf3 d6 4. Nc3 Nf6 5. g3 O-O 6. Bg2 Nc6 7. O-O Bg4 8. Be3
d5 9. Ne5 dxc4 10. Nxc4 Qb8 11. Qb3 Nd7 12. h3 1-0